000 00291nam a2200121Ia 4500
005 20251222144640.0
008 251222s9999||||xx |||||||||||||| ||spa||
082 _a475/M22C/T.3
100 _aManzanares López, Luis
245 0 _aLatín:
264 _bUniversidad de Alicante
942 _cLIB
999 _c16661
_d16661